000 00814nam a2200253Ia 4500
003 OSt
005 20220930072919.0
006 a|||||r|||| 00| 0
007 ta
008 220926b |||||||| |||| 00| 0 eng d
024 _a25687
037 _cTheses
040 _aCRL
_cCRL
_beng
041 _2eng
_aeng
100 _aSanjay Kumar
110 _aUniversity of Delhi. Faculty of Technology. Department of Civil Engineering
245 0 _aSome studies on hydrologic and hydraulic reliability analysis in water resource systems
260 _c1999
650 _aCIVIL ENGINEERING
700 _a Arun Kumar Supervisor
_9530693
700 _aUniversity of Delhi. Faculty of Technology. Department of Civil Engineering
942 _cDIS
_2CC
999 _c864454
_d864454